| 000 | 01097njm a2200253 i 4500 | ||
|---|---|---|---|
| 001 | 4823 | ||
| 003 | ES-MaACL | ||
| 005 | 20240603204543.0 | ||
| 007 | s|r||||||||||| | ||
| 008 | 070817s1976 sp ||| g ||||||||1|nspa d | ||
| 100 | 1 |
_aFlórez, Rafael, _d1926-2019 _951311 |
|
| 245 | 1 | 3 |
_aLa greguería, Ramón y su sitio en la poesía contemporánea [ _hGrabación sonora] / _cinterviene Rafael Flórez. |
| 260 |
_aMadrid : _bAteneo de Madrid, _c1976. |
||
| 300 | _a2 discos (CD-DA) (1 h. 32 min. 51 seg.) | ||
| 500 | _aDatos basados en la invitación. | ||
| 518 | _aActo organizado por el Aula de Poesía del Ateneo de Madrid, grabado en la sala de conferencias el miércoles 9 de junio de 1976, a las 19:30 h. | ||
| 600 | 1 | 4 |
_aGómez de la Serna, Ramón, _d1888-1963- _xCrítica e interpretación _957903 |
| 610 | 2 | 4 |
_aAteneo de Madrid- _xActos culturales- _y1976- _vGrabaciones sonoras. _91886 |
| 710 | 2 |
_aAteneo de Madrid. _bAula de Poesía. _91949 |
|
| 852 |
_aES-MaACL _cROT _jROT 4/1/6 |
||
| 852 |
_aES-MaACL _cROT _jROT 4/1/7 _9203009 |
||
| 942 |
_2udc _cCDROM |
||
| 999 |
_c4823 _d4823 |
||